000 00506nam a2200193Ia 4500
003 GCL
008 140319s9999 xx 000 0 eng d
040 _aGCL /
_cGCL
082 0 4 _a604.24
_bB E
100 1 _aBERTOLINE, GARY
245 1 0 _aENGINEERING GRAPHICS COMMUNICATION /
_cBERTOLINE, GARY
700 1 _aWIEBE, ERIC
260 _a[S.N] :
_bIRWIN ،
_c1995
300 _a1062 P
650 0 4 _aSTUDY AND TEACHING
650 0 4 _aCOMPUTER GRAPHICS
650 0 4 _aENGINEERING GRAPHICS
942 _2ddc
_cBK
999 _c11486
_d11486